Normal view
MARC view
- Dholakia, A D
Entry Personal Name
001 - CONTROL NUMBER
- control field: 4077
003 - CONTROL NUMBER IDENTIFIER
- control field: OSt
005 - DATE AND TIME OF LATEST TRANSACTION
- control field: 20190517145410.0
008 - FIXED-LENGTH DATA ELEMENTS
- fixed length control field: 190517|| aca||aabn | a|a d
040 ## - CATALOGING SOURCE
- Original cataloging agency: OSt
- Transcribing agency: OSt
100 ## - HEADING--PERSONAL NAME
- Personal name: Dholakia, A D
670 ## - SOURCE DATA FOUND
- Source citation: Work cat.: (OSt): Dholakia, A D, Delicious seafood recipes, 2018
